| 000 | 00910nam a22002417a 4500 | ||
|---|---|---|---|
| 999 |
_c16782 _d16782 |
||
| 003 | AR-CdUCM | ||
| 008 | 190506b ||||| |||| 00| 0 spa d | ||
| 040 |
_aMUNICIPALIDAD PROVINCIAL DEL CUSCO _cBIBLIOTECA MUNICIPAL DEL CUSCO |
||
| 041 | _heng | ||
| 082 |
_a338 / _bW48 |
||
| 100 |
_aWernette, John Philip _936441 |
||
| 245 | _aAuge y prosperidad sin inflación / | ||
| 260 |
_aMéxico : _bLibreros Mexicanos Unidos, _c1963. |
||
| 300 |
_a171 páginas ; _c20 cm. |
||
| 505 | _aContenido: Progreso económico: objetivos -- Nuestra dinámica económica -- Las condiciones del crecimiento económico -- El problema de la inflación -- El ciclo económico... | ||
| 650 |
_aEconomía _9382 |
||
| 650 |
_aAuge económico _936442 |
||
| 650 |
_aInflación _94615 |
||
| 650 |
_aCrecimiento económico _92403 |
||
| 700 |
_aCastano, Alfonso (traductor) _920022 |
||
| 942 |
_2ddc _cLIBROS |
||
| 945 |
_aacv _d2019-05-06 |
||